000
00313nam a22001337a 4500
008
170530b xxu||||| |||| 00| 0 eng d
020
_a
9780312403577
041
_a
eng
080
_2
4TH
_a
93
100
_a
17
101
_a
SHH
245
_a
A POCKET GUIDE TO WRITING IN HISTORY
_c
RAMPOLLA, M.L
942
_2
udc
_c
BK
999
_c
15033
_d
15033